Пропуск в контексте

Храмы Древней Греции Архивная литература

שמור ב:
מידע ביבליוגרפי
מחבר ראשי: Парланд А.А
פורמט: Архивная литература
מהדורה:1
גישה מקוונת:https://znanium.com/catalog/document?id=147298
https://znanium.com/cover/0356/356553.jpg
תגים: הוספת תג
אין תגיות, היה/י הראשונ/ה לתייג את הרשומה!
LEADER 01094nam0a2200253 i 4500
001 RU\infra-m\znanium\bibl\356553
003 https://znanium.com/catalog/document?id=147298
005 20190612000000.0
100 |a 20190612d2012 m y0rusy0150 ca 
101 0 |a rus 
102 |a RU 
200 1 |a Храмы Древней Греции  |e Архивная литература 
205 |a 1 
215 |a 274 с. 
333 |a Аспирантура 
606 |a Архитектура. Искусство  |x Теория и история архитектуры  |2 local 
608 |a Архивная литература  |2 local 
675 |a 27  |z rus 
686 |a 8637  |2 rubbk 
686 |a 00.03.99  |2 okso 
700 1 |a Парланд  |b А.А. 
801 0 |a RU  |b Общество с ограниченной ответственностью «ЗНАНИУМ»  |c 20120428  |2 rusmarc 
856 4 |a znanium.com  |m ebs_support@infra-m.ru  |n НИЦ ИНФРА-М  |u https://znanium.com/catalog/document?id=147298 
856 4 1 |a znanium.com  |d /cover/0356  |f 356553.jpg  |q image/jpeg  |u https://znanium.com/cover/0356/356553.jpg